MyGZULibrary

Statistical quality control / (Record no. 6212)

MARC details
000 -LEADER
fixed length control field 01326cam a2200325 a 4500
001 - CONTROL NUMBER
control field 2089156
003 - CONTROL NUMBER IDENTIFIER
control field GZU
005 - DATE AND TIME OF LATEST TRANSACTION
control field 20210420115554.0
008 - FIXED-LENGTH DATA ELEMENTS--GENERAL INFORMATION
fixed length control field 950908s1996 nyua b 001 0 eng
010 ## - LIBRARY OF CONGRESS CONTROL NUMBER
LC control number 95041429
020 ## - INTERNATIONAL STANDARD BOOK NUMBER
International Standard Book Number 0071142487 (acidfree paper)
020 ## - INTERNATIONAL STANDARD BOOK NUMBER
International Standard Book Number 0070241627
040 ## - CATALOGING SOURCE
Original cataloging agency DLC
Transcribing agency DLC
Modifying agency DLC
050 00 - LIBRARY OF CONGRESS CALL NUMBER
Classification number TS156
Item number .GRA 1996
100 1# - MAIN ENTRY--PERSONAL NAME
Personal name Grant, Eugene L.
Fuller form of name (Eugene Lodewick),
Dates associated with a name 1897-1996.
Relator term author
245 10 - TITLE STATEMENT
Title Statistical quality control /
Statement of responsibility, etc. Eugene L. Grant, Richard S. Leavenworth.
250 ## - EDITION STATEMENT
Edition statement 7th edition.
260 ## - PUBLICATION, DISTRIBUTION, ETC.
Place of publication, distribution, etc. New York :
Name of publisher, distributor, etc. McGraw-Hill Co. Inc.,
Date of publication, distribution, etc. c1996.
300 ## - PHYSICAL DESCRIPTION
Extent xix, 764 p. :
Other physical details ill. ;
Dimensions 25 cm. +
Accompanying material 1 computer disk (3 1/2 in.)
440 #0 - SERIES STATEMENT/ADDED ENTRY--TITLE
Title McGraw-Hill series in industrial engineering and management science
500 ## - GENERAL NOTE
General note "International edition"--T.p. verso.
504 ## - BIBLIOGRAPHY, ETC. NOTE
Bibliography, etc. note "Bibliography:" p. 706-712.
504 ## - BIBLIOGRAPHY, ETC. NOTE
Bibliography, etc. note Includes bibliographical references and indexes.
538 ## - SYSTEM DETAILS NOTE
System details note System requirements for accompanying computer disc: IBM or compatible PC.
650 #0 - SUBJECT ADDED ENTRY--TOPICAL TERM
Topical term or geographic name entry element Quality control
General subdivision Statistical methods.
700 1# - ADDED ENTRY--PERSONAL NAME
Personal name Leavenworth, Richard S.
Relator term author
906 ## - LOCAL DATA ELEMENT F, LDF (RLIN)
a 7
b cbc
c orignew
d 1
e ocip
f 19
g y-gencatlg
942 ## - ADDED ENTRY ELEMENTS (KOHA)
Source of classification or shelving scheme Library of Congress Classification
Koha item type Books
Edition 7th edition
Classification part 156
Item part GRA
Call number prefix TS
Holdings
Withdrawn status Lost status Source of classification or shelving scheme Damaged status Not for loan Collection code Home library Current library Shelving location Date acquired Source of acquisition Inventory number Total Checkouts Full call number Barcode Date last seen Copy number Price effective from Koha item type
    Library of Congress Classification     Non-fiction City Campus Library City Campus Library General Stacks 04/20/2021 University of Zimbabwe 2000/377   TS156 GRA 1996 G20799 04/20/2021 c. 1 04/20/2021 Books